00557cam a22002054i 4500020001800000020001500018020001800033020001500051040000800066082002600074100002200100245003600122246001100158300004500169490004300214520005000257650001200307650001600319650001600335 a9780736822831 a0736822836 a9780736846745 a0736846743 cDLC00a630 SCA 1997 C165 Or.1 aAdamson, Heather,12aA day in the life of a farmer /30aFarmer a24 pages :bcolor illustrations ;c21 cm1 aFirst facts. Community helpers at work aExplains what farmers do during a typical day 0aFarmers 0aAgriculture 0aOccupations